000 01012nam a22001937a 4500
003 OSt
005 20251117082022.0
008 251117b |||||||| |||| 00| 0 eng d
040 _cDCL
082 _a၂၉၄.၃၈၂၄၇
130 _aတိပိဋက။
_pအဘိဓမ္မာပိဋက။
_tပဋ္ဌာန်း၊
_lပါဠိတော်၊
_sနိဿယ။
245 _aပဋ္ဌာန်းပါဠိတော်နိဿယ ၊
_nပထမတွဲ /
_bအရှင်နန္ဒမေဓာ။
250 _aဒုတိယအကြိမ်။
264 _aရန်ကုန် ၊
_bဣစ္ဆာသယပိဋကတ်စာပုံနှိပ်တိုက်၊
_c၁၉၆၈။
300 _aည၊ ၄၂၀ စာမျက်နှာ ၊
_c၂၅ စင်တီ။
650 _aပဋ္ဌာန်း
_vပါဠိတော်နိဿယ။
700 _aနန္ဒမေဓာ၊ အရှင်
942 _2ddc
_cSHORT TERM
_n0
999 _c2486
_d2486